[Event "Steinfurt Bezirksklasse 1718"]
[Site "Germany"]
[Date "2018.03.03"]
[Round "6.5"]
[White "Thomann, Henning"]
[Black "Pieper, Kaya Joel"]
[Result "1-0"]
[WhiteElo "1444"]
[BlackElo "756"]
[PlyCount "79"]
[EventDate "2017.10.07"]
[EventType "team-tourn"]
[EventRounds "7"]
[EventCountry "GER"]
[SourceTitle "EXT 2019"]
[Source "ChessBase"]
[SourceDate "2018.10.10"]
[SourceVersion "1"]
[SourceVersionDate "2018.10.10"]
[SourceQuality "1"]
[WhiteTeam "Neuenkirchen II"]
[BlackTeam "Emsdetten Rochade VI"]
[WhiteTeamCountry "GER"]
[BlackTeamCountry "GER"]

1. d4 c6 2. c4 d5 3. cxd5 cxd5 4. Nc3 Bf5 5. Nf3 e6 6. Bf4 Nf6 7. e3 Bd6 8. Bxd6 Qxd6 9. Be2 0-0 10. 0-0 Nc6 11. Nh4 Be4 12. f3 Bf5 13. Rc1 Rac8 14. a3 Rfe8 15. Re1 g6 16. f4 h5 17. Nf3 Ng4 18. Qd2 a6 19. Nd1 Na5 20. Rxc8 Rxc8 21. Qxa5 b6 22. Qxa6 Qc6 23. Bd3 Bxd3 24. Qxd3 Qd6 25. h3 Nf6 26. Nc3 Qc6 27. Qb5 Qc7 28. Rc1 Nd7 29. Ne2 Nc5 30. dxc5 bxc5 31. Qd3 c4 32. Qc3 Rb8 33. Nd2 Rc8 34. Nd4 Qb6 35. b4 Kf8 36. N2b3 Ke7 37. Nc5 Kd6 38. a4 Rxc5 39. bxc5+ Kxc5 40. Qb4+ 1-0